000 00837cam a2200253 i 4500
999 _c25778
_d25778
001 25778
003 Mx-PuUPA
005 20200814121622.0
008 140415s1966 sp gr 001 0 spa d
040 _aMx-PuUPA
_bspa
_cMx-PuUPA
_dMx-PuUPA
_erda
041 0 _aspa
100 1 _aValcarce Alfayate, Enrique,
_eautor
245 1 3 _aEl concilio y la ONU en la libertad religiosa de los pueblos /
_cEnrique Valcarce Alfayate ; prólogo de Jorge Vagón
264 1 _aMadrid :
_bAfrodisio Aguado,
_c©1966
300 _a79 páginas ;
_c20 cm
336 _2rdacontent
_atexto
_btxt
337 _2rdamedia
_asin medio
_bn
338 _2rdacarrier
_avolumen
_bnc
650 4 _aLibertad de religión
700 1 _aVagón, Jorge,
_eprologuista
942 _2ddc
_cLI
_h262.5
_iV135